All Prime Numbers to 1000 - Statistics

General Stats
  • This quiz has been taken 21 times
    17 since last reset
  • The average score is 66 of 168
Answer Stats
Number % Correct
11
100%
13
100%
17
100%
19
100%
2
100%
23
100%
3
100%
5
100%
7
100%
31
93%
37
93%
41
93%
97
93%
101
87%
27
87%
43
87%
47
87%
53
87%
103
80%
107
80%
109
80%
113
80%
127
80%
131
80%
59
80%
61
80%
67
80%
71
80%
73
80%
79
80%
83
80%
89
80%
137
73%
139
73%
149
67%
151
67%
157
67%
163
60%
167
60%
179
60%
173
53%
181
53%
191
53%
193
53%
197
53%
199
53%
211
47%
223
47%
227
47%
229
47%
293
47%
233
40%
239
40%
241
40%
251
40%
257
40%
263
40%
269
40%
271
40%
277
40%
281
40%
283
40%
307
40%
311
40%
313
40%
317
40%
331
33%
337
33%
347
33%
349
33%
353
33%
359
33%
367
33%
373
33%
379
33%
383
33%
389
33%
397
33%
409
33%
419
33%
421
33%
433
33%
439
33%
443
33%
449
33%
457
33%
461
33%
463
33%
467
33%
487
33%
521
33%
557
33%
401
27%
431
27%
479
27%
491
27%
499
27%
509
27%
523
27%
543
27%
547
27%
571
27%
593
27%
613
27%
661
27%
503
20%
563
20%
569
20%
577
20%
587
20%
599
20%
601
20%
607
20%
617
20%
619
20%
631
20%
641
20%
643
20%
647
20%
653
20%
659
20%
683
20%
701
20%
773
20%
797
20%
881
20%
883
20%
887
20%
997
20%
673
13%
677
13%
691
13%
709
13%
733
13%
739
13%
743
13%
757
13%
761
13%
769
13%
787
13%
809
13%
811
13%
853
13%
857
13%
859
13%
877
13%
907
13%
911
13%
919
13%
929
13%
937
13%
977
13%
983
13%
991
13%
719
7%
751
7%
821
7%
823
7%
827
7%
829
7%
839
7%
863
7%
941
7%
947
7%
953
7%
967
7%
971
7%
729
0%
No matching quizzes found
Score Distribution
Percent of People with Each Score
Percentile by Number Answered
Your Score History
You have not taken this quiz since the last reset